000 01091nam a2200241 a 4500
008 120416s1997 ||||||||||||||||| || u
020 _a0750633867
050 _aQE 511 Con
100 _aCondie, Kent C
245 1 0 _aPlate tectonics and crustal evolution
250 _a4th ed.
260 _aOxford
_bButterworth-Heinemann
_c1997
300 _ax, 282 p. : ill., maps (some col.)
350 _a0.00
500 _aRev. ed. of: Plate tectonics & crustal evolution. 3rd ed. 1989. -Includes bibliographical references (p. [259]-278) and index.
650 _aEARTH--CRUST
650 _aGEOGRAPHY
650 _aPLATE TECTONICS
856 _uhttp://www.loc.gov/catdir/toc/els032/97004026.html
856 _uhttp://www.loc.gov/catdir/description/els032/97004026.html
995 _aMAIN LIBRARY OPEN ACCESS
_D0.00
_e731457
_FCBU-MAIN LIBRARY (Kitwe)
_H1
_I23.95
_jQE 511 Con
_M1
_UAVAILABLE
_y028606
_ZMain Library Open Access Collection
995 _aMAIN LIBRARY OPEN ACCESS
_D0.00
_e731823
_FCBU-MAIN LIBRARY (Kitwe)
_H2
_I23.95
_jQE 511 Con
_M2
_UAVAILABLE
_y029240
_ZMain Library Open Access Collection
999 _c81989
_d81989